000 00588nam a2200217Ia 4500
008 180523s9999 xx 000 0 und d
020 _a0-619-21294-2
050 _aComSc TK 5105.59
050 _b.C36 2015
100 _aCampbell, Paul.
245 0 _aSecurity + guide to network security fundamentals /
245 0 _cPaul Campbell.
260 _aAustralia :
260 _bThomson Course Tech.,
260 _c2003
300 _a509 pages :
300 _billustrations ;
300 _c24 cm.
500 _aIncludes index.
650 _aComputer networks -- Security measures.
999 _c357825
_d357825